header

Borrowed knowledge (Record no. 533)

MARC details
000 -LEADER
fixed length control field 01243nam a2200313Ia 4500
100 1# - MAIN ENTRY--AUTHOR NAME
Personal name Kellert, Stephen H.
245 10 - TITLE STATEMENT
Title Borrowed knowledge
260 ## - PUBLICATION, DISTRIBUTION, ETC. (IMPRINT)
Place of publication Chicago :
Name of publisher University of Chicago Press,
Year of publication 2008.
300 ## - PHYSICAL DESCRIPTION
Number of Pages x, 292 p.
650 #0 - SUBJECT ADDED ENTRY--TOPICAL TERM
Topical Term Chaotic behavior in systems.
Topical Term Science
Topical Term Interdisciplinary approach to knowledge.
856 40 - ELECTRONIC LOCATION AND ACCESS
Uniform Resource Identifier http://site.ebrary.com/lib/rucke/Doc?id=10288707

No items available.

© 2026 Rongo University
Contact us: librarian | system librarian | Rongo university